000 00612cam a22002053a 4500
001 41314
003 PGUSA
005 20140828083930.0
008 121107s2012||||xxu|||||s|||||000 | eng d
040 _aPGUSA
_beng
042 _adc
100 1 _aRussell, William Clark,
_d1844-1911
245 1 0 _aMy Danish Sweetheart :
_bA Novel. Volume 2 of 3
_h[electronic resource] /
_cWilliam Clark Russell
260 _bProject Gutenberg,
_c2012
506 _aPublic domain in the USA.
516 _aElectronic text
830 0 _aProject Gutenberg
_v41314
856 4 0 _uhttp://www.gutenberg.org/ebooks/41314
942 _cEB
999 _c270566
_d270566